[Event "19. Blankenburger Schachturnier, A-Gr."]
[Site "Blankenburg"]
[Date "2014.10.04"]
[Round "5.9"]
[White "Ditze, Thomas"]
[Black "Vonhoff, Jörg"]
[Result "1-0"]
[WhiteElo "1919"]
[BlackElo "1757"]
[PlyCount "43"]
[EventDate "2014.10.??"]

1. d4 Nf6 2. c4 g6 3. Nc3 d5 4. Nf3 Bg7 5. Bf4 c6 6. e3 Bg4 7. Qb3 Bxf3 8. gxf3
Qb6 9. Qxb6 axb6 10. cxd5 Nxd5 11. Nxd5 cxd5 12. Bb5+ Nc6 13. Bc7 O-O 14. O-O
Na7 15. Bd3 b5 16. a3 b4 17. axb4 Nc6 18. b5 Nb4 19. Be2 Rfc8 20. b6 e6 21. Bb5
Bf8 22. Bd7 1-0

[Event "19. Blankenburger Schachturnier, A-Gr."]
[Site "Blankenburg"]
[Date "2014.10.04"]
[Round "5.10"]
[White "Timar-Geng, Dr. Zoltan"]
[Black "Dietz, Florian"]
[Result "1/2-1/2"]
[WhiteElo "1864"]
[BlackElo "1776"]
[PlyCount "80"]
[EventDate "2014.10.??"]

1. d4 Nf6 2. c4 c5 3. d5 b5 4. cxb5 a6 5. b6 Qxb6 6. Nc3 g6 7. e4 d6 8. h3 Bg7
9. Nf3 O-O 10. Nd2 Bd7 11. a4 Rc8 12. Nc4 Qb7 13. a5 Rd8 14. Nb6 Ra7 15. Bd3
Be8 16. O-O Nbd7 17. Nc4 Nf8 18. Bf4 Bb5 19. Nb6 Bxd3 20. Qxd3 Nh5 21. Be3 Nd7
22. Nca4 Nhf6 23. f4 Nxb6 24. Nxb6 Nd7 25. Nc4 Rb8 26. Rab1 Qb3 27. Qe2 Rb4 28.
Rfc1 Ra4 29. Qc2 Rb7 30. Qe2 Rbb4 31. Nd2 Qxe3+ 32. Qxe3 Bd4 33. Qxd4 Rxd4 34.
Rc2 Nf6 35. Re1 Nxe4 36. Nf3 Rdb4 37. Rce2 f5 38. g4 Ra2 39. gxf5 gxf5 40. Nh4
Raa4 1/2-1/2

[Event "19. Blankenburger Schachturnier, A-Gr."]
[Site "Blankenburg"]
[Date "2014.10.04"]
[Round "5.11"]
[White "Hamann, Marcus"]
[Black "Kreyssig, Bruno"]
[Result "1/2-1/2"]
[WhiteElo "1786"]
[BlackElo "1895"]
[PlyCount "83"]
[EventDate "2014.10.??"]

1. e4 c5 2. Nf3 g6 3. d4 cxd4 4. Nxd4 Bg7 5. Nc3 Nc6 6. Be3 d6 7. Qd2 Nf6 8. f3
O-O 9. O-O-O Qa5 10. Kb1 Bd7 11. Nxc6 bxc6 12. Nd5 Qxd2 13. Nxf6+ Bxf6 14. Rxd2
c5 15. Bxc5 dxc5 16. Rxd7 Rab8 17. b3 a5 18. a4 Rfd8 19. Rxd8+ Rxd8 20. Bd3 Kf8
21. f4 Bc3 22. Rd1 e6 23. Kc1 Rd4 24. g3 Ke7 25. e5 h5 26. Be2 Rxd1+ 27. Kxd1
Bd4 28. Ke1 Be3 29. Bb5 h4 30. Kf1 f6 31. exf6+ Kxf6 32. Bd3 g5 33. fxg5+ Kxg5
34. gxh4+ Kxh4 35. Kg2 Kg4 36. h4 Kxh4 37. Kf3 Bd4 38. Bc4 e5 39. Bd5 Kh3 40.
Ke4 Kg3 41. Kd3 Kf4 42. Ba8 1/2-1/2

[Event "19. Blankenburger Schachturnier, A-Gr."]
[Site "Blankenburg"]
[Date "2014.10.04"]
[Round "5.12"]
[White "Herdzik, Matthias"]
[Black "Junker, Stefan"]
[Result "1-0"]
[WhiteElo "1843"]
[BlackElo "1825"]
[PlyCount "59"]
[EventDate "2014.10.??"]

1. e4 d6 2. d4 Nf6 3. Nc3 g6 4. f4 Bg7 5. Nf3 O-O 6. Bc4 c6 7. e5 dxe5 8. fxe5
Nd5 9. O-O Bg4 10. h3 Nxc3 11. bxc3 Bxf3 12. Qxf3 e6 13. Ba3 Nd7 14. Rab1 Nb6
15. Bxf8 Qxf8 16. Bb3 Qe7 17. Rbe1 a5 18. a4 Rf8 19. Re4 Nd7 20. Qe2 Nb6 21. c4
c5 22. d5 exd5 23. cxd5 c4 24. d6 Qe6 25. Bxc4 Nxc4 26. Qxc4 Qxc4 27. Rxc4 Bxe5
28. d7 Rd8 29. Rc8 Bd4+ 30. Kh1 1-0

[Event "19. Blankenburger Schachturnier, A-Gr."]
[Site "Blankenburg"]
[Date "2014.10.04"]
[Round "5.13"]
[White "Walther, Joachim"]
[Black "Zerfass, Otfried"]
[Result "1-0"]
[WhiteElo "1888"]
[BlackElo "1893"]
[PlyCount "103"]
[EventDate "2014.10.??"]

1. d4 Nf6 2. c4 g6 3. Nc3 Bg7 4. e4 d6 5. f3 O-O 6. Be3 Nc6 7. Qd2 a6 8. Rd1
Re8 9. Nge2 Rb8 10. Nc1 e5 11. d5 Nd4 12. Bxd4 exd4 13. N3e2 Nxe4 14. fxe4 Qh4+
15. g3 Qxe4 16. Rg1 Bf5 17. Kf2 c5 18. dxc6 bxc6 19. b3 c5 20. Bg2 Qe7 21. Rge1
Qe3+ 22. Qxe3 Rxe3 23. Nf4 Bg4 24. Rd3 g5 25. Nd5 Rbe8 26. Rdxe3 dxe3+ 27. Rxe3
Rxe3 28. Nxe3 Bd4 29. h3 Bh5 30. Ne2 Be5 31. Nf5 f6 32. g4 Be8 33. Bc6 Bg6 34.
Ne7+ Kg7 35. Nxg6 hxg6 36. Bb7 a5 37. Bc8 Kf7 38. Kf3 Ke7 39. Ke4 Kd8 40. Be6
Ke7 41. Bd5 Kf8 42. Ng1 Ke7 43. Nf3 Bg3 44. Bb7 Kd7 45. Kd5 Bf4 46. h4 f5 47.
gxf5 g4 48. fxg6 gxf3 49. g7 f2 50. Bc6+ Ke7 51. g8=Q f1=Q 52. Qg7+ 1-0

[Event "19. Blankenburger Schachturnier, A-Gr."]
[Site "Blankenburg"]
[Date "2014.10.04"]
[Round "6.1"]
[White "Issing, Peter"]
[Black "Schütze, Norman"]
[Result "1/2-1/2"]
[WhiteElo "2174"]
[BlackElo "2277"]
[PlyCount "122"]
[EventDate "2014.10.??"]

1. d4 d5 2. c4 e6 3. Nf3 Nf6 4. Nc3 c6 5. e3 Bd6 6. Qc2 Nbd7 7. Bd2 O-O 8. h3
Qe7 9. Be2 a6 10. O-O dxc4 11. Bxc4 b5 12. Be2 Bb7 13. e4 e5 14. a3 Rfe8 15.
Rfe1 Rad8 16. Bf1 Bb8 17. Bg5 h6 18. Bxf6 Qxf6 19. d5 Nb6 20. dxc6 Qxc6 21.
Rac1 Qe6 22. Nd2 Rc8 23. Qb1 Ba7 24. Be2 Qf6 25. Bf3 Qh4 26. Re2 Rcd8 27. b3
Rd6 28. Nf1 Rg6 29. Bg4 h5 30. g3 Qg5 31. Bf5 Rd6 32. h4 Qf6 33. Ne3 g6 34. Bh3
Rd4 35. Bg2 Red8 36. Rce1 Qd6 37. Qa1 Nd7 38. Ned5 Nc5 39. b4 Ne6 40. Kh2 Rc4
41. Rd2 Kg7 42. Qa2 Bd4 43. Nd1 Rc1 44. Ree2 Rdc8 45. N1e3 Ra1 46. Qb3 Rac1 47.
Rc2 Nf4 48. Rxc8 Rxc8 49. Rc2 Rxc2 50. Nxc2 Nxg2 51. Kxg2 Qe6 52. Nxd4 exd4 53.
Qd3 f5 54. Qxd4+ Kf7 55. f3 Bxd5 56. exd5 Qe2+ 57. Qf2 Qd3 58. Qa7+ Kg8 59.
Qb8+ Kh7 60. Qc7+ Kh6 61. Qf4+ Kh7 1/2-1/2

[Event "19. Blankenburger Schachturnier, A-Gr."]
[Site "Blankenburg"]
[Date "2014.10.04"]
[Round "6.2"]
[White "Bente, Björn"]
[Black "Vonhoff, Nils"]
[Result "1-0"]
[WhiteElo "2268"]
[BlackElo "1967"]
[PlyCount "61"]
[EventDate "2014.10.??"]

1. d4 Nf6 2. c4 g6 3. Nc3 d5 4. cxd5 Nxd5 5. e4 Nxc3 6. bxc3 Bg7 7. Qa4+ Bd7 8.
Qa3 O-O 9. Nf3 Nc6 10. Bd3 Bg4 11. O-O Ne5 12. Nxe5 Bxe5 13. Bg5 Bf6 14. Bxf6
exf6 15. Bc4 c6 16. Rfe1 Qc7 17. Rab1 Kg7 18. Re3 Rfe8 19. Rbe1 Bd7 20. Bb3 b5
21. Qc5 Qb6 22. Qd6 Be6 23. Qf4 Bxb3 24. axb3 c5 25. e5 f5 26. d5 Rad8 27. c4
bxc4 28. bxc4 Qb4 29. g3 h6 30. e6 f6 31. Qc7+ 1-0

[Event "19. Blankenburger Schachturnier, A-Gr."]
[Site "Blankenburg"]
[Date "2014.10.04"]
[Round "6.3"]
[White "Stanke, Achim"]
[Black "Kahe, Ralph"]
[Result "0-1"]
[WhiteElo "2122"]
[BlackElo "2193"]
[PlyCount "60"]
[EventDate "2014.10.??"]

1. d4 Nf6 2. g3 g6 3. Bg2 Bg7 4. c3 d6 5. Nh3 c6 6. O-O O-O 7. f3 Nbd7 8. Nf2
e5 9. Na3 exd4 10. cxd4 d5 11. Nc2 Re8 12. Re1 Nf8 13. b3 Bf5 14. e4 dxe4 15.
fxe4 Be6 16. Bb2 Qa5 17. Ne3 Rad8 18. Qc2 h5 19. Bc3 Qc7 20. Qb2 Ng4 21. Nexg4
Bxg4 22. d5 Bxc3 23. Qxc3 Qb6 24. Rac1 cxd5 25. exd5 Rc8 26. Rxe8 Rxe8 27. h3
Re2 28. Qc5 Re1+ 29. Bf1 Qxc5 30. Rxc5 Be2 0-1

[Event "19. Blankenburger Schachturnier, A-Gr."]
[Site "Blankenburg"]
[Date "2014.10.04"]
[Round "6.4"]
[White "Michael, Dirk"]
[Black "Frotscher, Thomas"]
[Result "1-0"]
[WhiteElo "2069"]
[BlackElo "2128"]
[PlyCount "63"]
[EventDate "2014.10.??"]

1. c4 c5 2. Nc3 Nc6 3. g3 g6 4. Bg2 Bg7 5. d3 d6 6. e4 e6 7. Nge2 Nge7 8. O-O
O-O 9. a3 b6 10. Rb1 a5 11. f4 Bb7 12. h3 Qd7 13. Kh2 Rad8 14. f5 gxf5 15. Nf4
Kh8 16. Nh5 Be5 17. Bh6 Rg8 18. Bf4 Rg6 19. exf5 Nxf5 20. Ne4 d5 21. cxd5 Qxd5
22. Ng5 Qd7 23. Bxc6 Qxc6 24. Bxe5+ Kg8 25. Ne4 Ne3 26. Nhf6+ Kf8 27. Qf3 Nxf1+
28. Rxf1 Ke7 29. Nd5+ Rxd5 30. Qxf7+ Kd8 31. Qxh7 Qe8 32. Qc7# 1-0

[Event "19. Blankenburger Schachturnier, A-Gr."]
[Site "Blankenburg"]
[Date "2014.10.04"]
[Round "6.5"]
[White "Perkampus, Lars"]
[Black "Meyer, Stefan"]
[Result "1-0"]
[WhiteElo "1975"]
[BlackElo "2093"]
[PlyCount "87"]
[EventDate "2014.10.??"]

1. d4 g6 2. c4 Bg7 3. Nc3 c5 4. Nf3 cxd4 5. Nxd4 Nc6 6. e3 Nf6 7. Be2 O-O 8.
O-O Nxd4 9. exd4 d5 10. c5 b6 11. b4 a5 12. Na4 bxc5 13. bxc5 Ba6 14. Bf4 Nh5
15. Be3 f5 16. Bxa6 Rxa6 17. Qe2 Re6 18. Qd3 f4 19. Bd2 Re4 20. Bc3 e5 21. f3
Re3 22. Qd2 e4 23. Rae1 Rd3 24. Qb2 e3 25. Rd1 Rxd1 26. Rxd1 Qe8 27. Nb6 Rf5
28. Re1 a4 29. Qb4 e2 30. Bd2 Bf6 31. Nxa4 Bh4 32. Rb1 e1=Q+ 33. Bxe1 Qe3+ 34.
Kh1 Ng3+ 35. Bxg3 Bxg3 36. h3 Rh5 37. Qc3 Qe2 38. Qb2 Qe6 39. Qb8+ Kg7 40. Rb7+
Kh6 41. Qf8+ Kg5 42. Qe7+ Qxe7 43. Rxe7 Kf6 44. Re2 1-0

[Event "19. Blankenburger Schachturnier, A-Gr."]
[Site "Blankenburg"]
[Date "2014.10.04"]
[Round "6.7"]
[White "Willberg, Frank"]
[Black "Kasper, Mike"]
[Result "1-0"]
[WhiteElo "2013"]
[BlackElo "1894"]
[PlyCount "81"]
[EventDate "2014.10.??"]

1. Nf3 d5 2. g3 Nf6 3. c4 e6 4. Bg2 b6 5. Nc3 Bb7 6. Ne5 c6 7. Qa4 Bd6 8. cxd5
exd5 9. Ng4 O-O 10. O-O Nxg4 11. Qxg4 Na6 12. d4 Nc7 13. e4 dxe4 14. Qxe4 Nd5
15. Qf5 Nxc3 16. bxc3 Ba6 17. Re1 Qc7 18. Be4 g6 19. Qf6 Be7 20. Qxc6 Rac8 21.
Qxc7 Rxc7 22. Bd5 Bf6 23. Bb2 Rd8 24. Bb3 Bb7 25. Re3 Bg5 26. f4 Bf6 27. Rae1
Kg7 28. Re8 Rxe8 29. Rxe8 Bc6 30. Re3 Rd7 31. Ba3 h5 32. Kf2 b5 33. Bc5 a5 34.
a3 g5 35. Bd1 gxf4 36. gxf4 Bh4+ 37. Kf1 f5 38. Re6 Be4 39. Bxh5 Bd3+ 40. Be2
Be4 41. Bxb5 1-0

[Event "19. Blankenburger Schachturnier, A-Gr."]
[Site "Blankenburg"]
[Date "2014.10.04"]
[Round "6.8"]
[White "Hofmann, Annett"]
[Black "Dreke, Frank"]
[Result "1-0"]
[WhiteElo "1992"]
[BlackElo "1981"]
[PlyCount "61"]
[EventDate "2014.10.??"]

1. e4 Nf6 2. e5 Nd5 3. d4 d6 4. c4 Nb6 5. exd6 exd6 6. Bd3 Be7 7. Ne2 Nc6 8.
Be3 Nb4 9. Nbc3 O-O 10. O-O Re8 11. b3 Bg5 12. Qd2 h6 13. Bb1 Bg4 14. Ne4 Bxe2
15. Qxe2 Bxe3 16. fxe3 d5 17. Ng3 dxc4 18. bxc4 g6 19. a4 a5 20. Ra3 Re6 21.
Rf3 Rf6 22. Rxf6 Qxf6 23. Ne4 Qe7 24. Nc5 Rb8 25. Rc3 Nd7 26. Nb3 b6 27. e4 c5
28. d5 Na6 29. Rg3 Nc7 30. Qd2 Kg7 31. d6 1-0

[Event "19. Blankenburger Schachturnier, A-Gr."]
[Site "Blankenburg"]
[Date "2014.10.04"]
[Round "6.9"]
[White "Timar-Geng, Dr. Zoltan"]
[Black "Hamann, Marcus"]
[Result "1/2-1/2"]
[WhiteElo "1864"]
[BlackElo "1786"]
[PlyCount "86"]
[EventDate "2014.10.??"]

1. d4 d5 2. c4 c6 3. Nf3 Nf6 4. Nc3 e6 5. Qc2 Bb4 6. e3 Ne4 7. Nd2 f5 8. c5 O-O
9. a3 Ba5 10. Be2 Bc7 11. g3 e5 12. f4 exf4 13. exf4 Qf6 14. Nf3 Be6 15. Be3
Nd7 16. Ne5 Qe7 17. Bd3 Ndf6 18. Be2 Nd7 19. b4 Rad8 20. a4 a6 21. a5 Nxc3 22.
Qxc3 Nf6 23. O-O-O Ne4 24. Qb2 Bxe5 25. fxe5 Rf7 26. Rdg1 Rdf8 27. Bh5 g6 28.
Bd1 Kg7 29. Kb1 Kh8 30. Bh6 Rg8 31. h4 Qe8 32. Bf3 Qd7 33. Qc1 Nf2 34. Rh2 Ng4
35. Bxg4 fxg4 36. Bg5 h5 37. Bf6+ Kh7 38. Rf2 Bf5+ 39. Kb2 Qe6 40. Qf4 Re8 41.
Rgf1 Bd3 42. Rd1 Be4 43. Qd2 Bf3 1/2-1/2

[Event "19. Blankenburger Schachturnier, A-Gr."]
[Site "Blankenburg"]
[Date "2014.10.04"]
[Round "6.10"]
[White "Dietz, Florian"]
[Black "Herdzik, Matthias"]
[Result "1-0"]
[WhiteElo "1776"]
[BlackElo "1843"]
[PlyCount "53"]
[EventDate "2014.10.??"]

1. e4 c5 2. Nf3 d6 3. d4 cxd4 4. Nxd4 Nf6 5. Nc3 a6 6. Be3 e5 7. Nf3 Qc7 8. a4
Be6 9. Ng5 Be7 10. Nxe6 fxe6 11. Be2 Nbd7 12. O-O O-O 13. Bg4 Nxg4 14. Qxg4 Rf6
15. Qh3 Rg6 16. f4 exf4 17. Bxf4 Qb6+ 18. Kh1 Nc5 19. b3 Qc6 20. Rae1 Rc8 21.
Rf3 e5 22. Bc1 Bf8 23. Ref1 Ne6 24. Nd5 Qxc2 25. Rxf8+ Nxf8 26. Ne7+ Kh8 27.
Rxf8+ 1-0

[Event "19. Blankenburger Schachturnier, A-Gr."]
[Site "Blankenburg"]
[Date "2014.10.04"]
[Round "6.11"]
[White "Post, Hugo"]
[Black "Vonhoff, Joerg"]
[Result "0-1"]
[WhiteElo "1652"]
[BlackElo "1757"]
[PlyCount "68"]
[EventDate "2014.10.??"]

1. e4 b6 2. d4 Bb7 3. Nc3 e6 4. Bf4 Bb4 5. f3 d6 6. Bd3 Bxc3+ 7. bxc3 h6 8. Ne2
Ne7 9. O-O Ng6 10. Be3 Nd7 11. Ng3 O-O 12. Qd2 Qh4 13. Rab1 Rac8 14. Rb5 c5 15.
f4 Nf6 16. f5 Ng4 17. h3 Qxg3 18. hxg4 Nh4 19. Bf4 Qxg4 20. Bxd6 Rfd8 21. Be7
Re8 22. Rf4 Qxg2+ 23. Qxg2 Nxg2 24. Kxg2 Rxe7 25. f6 gxf6 26. Rxf6 Kg7 27. Rf4
f5 28. Kf2 c4 29. exf5 cxd3 30. f6+ Kh7 31. fxe7 dxc2 32. Rf8 Bc6 33. Rxc8 Bxb5
34. Rc7 Kg6 0-1

[Event "19. Blankenburger Schachturnier, A-Gr."]
[Site "Blankenburg"]
[Date "2014.10.04"]
[Round "6.12"]
[White "Kreyssig, Bruno"]
[Black "Zerfass, Otfried"]
[Result "1-0"]
[WhiteElo "1895"]
[BlackElo "1893"]
[PlyCount "71"]
[EventDate "2014.10.??"]

1. e4 c5 2. Nf3 Nc6 3. d4 cxd4 4. Nxd4 g6 5. Be2 Bg7 6. Nb3 Nf6 7. Nc3 O-O 8.
Be3 e6 9. Bc5 Re8 10. Bd6 a6 11. f4 b5 12. e5 Nd5 13. Nxd5 exd5 14. Qxd5 Bb7
15. Nc5 Ra7 16. Nxb7 Rxb7 17. O-O-O Qa5 18. h4 Qa4 19. Kb1 Bf8 20. f5 Bxd6 21.
fxg6 hxg6 22. Rdf1 Qxc2+ 23. Ka1 Re6 24. Bd3 Qc5 25. Qf3 Nd8 26. exd6 Qxd6 27.
h5 Rb6 28. hxg6 Rf6 29. Rh8+ Kg7 30. Rh7+ Kg8 31. gxf7+ Nxf7 32. Qg4+ Kf8 33.
Re1 Ne5 34. Qg7+ Ke8 35. Rh8+ Rf8 36. Rxe5+ 1-0

[Event "19. Blankenburger Schachturnier, A-Gr."]
[Site "Blankenburg"]
[Date "2014.10.05"]
[Round "7.1"]
[White "Issing, Peter"]
[Black "Bente, Björn"]
[Result "1/2-1/2"]
[WhiteElo "2174"]
[BlackElo "2268"]
[PlyCount "27"]
[EventDate "2014.10.??"]

1. Nf3 Nf6 2. c4 e6 3. Nc3 d5 4. d4 c6 5. e3 Nbd7 6. Qc2 Bd6 7. Bd2 Qe7 8. h3
O-O 9. g4 dxc4 10. Bxc4 Nd5 11. Ne4 Bb4 12. Nc3 Bd6 13. Ne4 Bb4 14. Nc3 1/2-1/2

[Event "19. Blankenburger Schachturnier, A-Gr."]
[Site "Blankenburg"]
[Date "2014.10.05"]
[Round "7.2"]
[White "Schütze, Norman"]
[Black "Kahe, Ralph"]
[Result "1-0"]
[WhiteElo "2277"]
[BlackElo "2193"]
[PlyCount "151"]
[EventDate "2014.10.??"]

1. e4 c6 2. d4 d5 3. Nc3 dxe4 4. Nxe4 Bf5 5. Ng3 Bg6 6. h4 h6 7. Nf3 Nd7 8. h5
Bh7 9. Bd3 Bxd3 10. Qxd3 e6 11. Bd2 Ngf6 12. O-O-O Qc7 13. Qe2 Bd6 14. Nf5 Bf4
15. Ne3 Ne4 16. Be1 O-O-O 17. g3 Bxe3+ 18. Qxe3 Nd6 19. Qe2 Qb6 20. Bd2 Nf5 21.
g4 Nd6 22. Bf4 Nf6 23. Ne5 Nd5 24. Bg3 Rhe8 25. Rhe1 Qa5 26. a3 f6 27. Nc4 Nxc4
28. Qxc4 Nb6 29. Qe2 Qd5 30. b3 Qa5 31. Kb2 Rd5 32. c4 Rdd8 33. Qe3 Qg5 34.
Qxg5 hxg5 35. f3 a6 36. Kc3 Nd7 37. Rd2 Nb6 38. Rh2 Rd7 39. Rhe2 Rde7 40. Bd6
Rf7 41. Bc5 Na8 42. Rxe6 Rxe6 43. Rxe6 Kd7 44. Rd6+ Kc7 45. a4 Nb6 46. Re6 Kd7
47. Re2 Na8 48. d5 cxd5 49. cxd5 b6 50. Ba3 Nc7 51. Kd4 f5 52. Bc1 fxg4 53.
fxg4 Rf1 54. Bxg5 Rg1 55. Re7+ Kd6 56. Rxg7 Rxg4+ 57. Kd3 Kxd5 58. Bf6 Rf4 59.
Rg5+ Kc6 60. Be5 Rh4 61. Rg6+ Kb7 62. Rg7 Rxh5 63. Rxc7+ Ka8 64. Re7 b5 65.
Re8+ Kb7 66. a5 Rh3+ 67. Kc2 Re3 68. Re7+ Kc6 69. Rc7+ Kd5 70. Bc3 Re4 71. Kd3
Rh4 72. Bd2 Kd6 73. Ra7 Kc5 74. Rxa6 b4 75. Rb6 Rg4 76. Bxb4+ 1-0

[Event "19. Blankenburger Schachturnier, A-Gr."]
[Site "Blankenburg"]
[Date "2014.10.05"]
[Round "7.3"]
[White "Perkampus, Lars"]
[Black "Michael, Dirk"]
[Result "1-0"]
[WhiteElo "1975"]
[BlackElo "2069"]
[PlyCount "87"]
[EventDate "2014.10.??"]

1. d4 c5 2. d5 e5 3. e4 d6 4. c4 g6 5. Nc3 Bg7 6. Bd2 Ne7 7. g4 Nd7 8. h4 a6 9.
a4 f5 10. gxf5 Nf6 11. Bh3 gxf5 12. Bg5 f4 13. Bxf6 Bxf6 14. Qh5+ Kf8 15. Nf3
Bxh3 16. Rxh3 h6 17. Nh2 Qe8 18. Qxe8+ Rxe8 19. Ke2 Kf7 20. Rg1 Reg8 21. Kf1
Rxg1+ 22. Kxg1 Rg8+ 23. Kf1 h5 24. Na2 Ng6 25. Nf3 Rb8 26. Ng5+ Ke7 27. Rb3
Nxh4 28. Nh7 Ng6 29. Nxf6 Kxf6 30. Rb6 Ke7 31. b4 cxb4 32. Nxb4 Kd7 33. Nxa6
Ra8 34. Rxb7+ Kd8 35. Rb6 Kd7 36. c5 dxc5 37. Nxc5+ Ke7 38. Rxg6 Ra5 39. Rg7+
Kf6 40. Rc7 Ra8 41. f3 Kg5 42. d6 Rb8 43. Rb7 Rc8 44. d7 1-0

[Event "19. Blankenburger Schachturnier, A-Gr."]
[Site "Blankenburg"]
[Date "2014.10.05"]
[Round "7.5"]
[White "Hofmann, Annett"]
[Black "Willberg, Frank"]
[Result "1/2-1/2"]
[WhiteElo "1992"]
[BlackElo "2013"]
[PlyCount "42"]
[EventDate "2014.10.??"]

1. e4 Nf6 2. e5 Nd5 3. d4 d6 4. c4 Nb6 5. exd6 exd6 6. Bd3 Be7 7. Ne2 N8d7 8.
Nbc3 Nf6 9. b3 Bg4 10. f3 Bh5 11. O-O O-O 12. Nf4 Bg6 13. Nxg6 hxg6 14. f4 c5
15. dxc5 dxc5 16. Kh1 Qd4 17. Bb2 Rfd8 18. Be2 Qd2 19. Rb1 Qe3 20. Qe1 Rd7 21.
Bc1 Qe6 1/2-1/2

[Event "19. Blankenburger Schachturnier, A-Gr."]
[Site "Blankenburg"]
[Date "2014.10.05"]
[Round "7.7"]
[White "Frotscher, Thomas"]
[Black "Dietz, Florian"]
[Result "1-0"]
[WhiteElo "2128"]
[BlackElo "1776"]
[PlyCount "69"]
[EventDate "2014.10.??"]

1. e4 c5 2. c4 Nc6 3. Nc3 g6 4. g3 Bg7 5. Bg2 e6 6. Nge2 Nge7 7. O-O O-O 8. a3
Rb8 9. Rb1 b6 10. b4 Bb7 11. d3 Ba8 12. Bf4 e5 13. Bd2 Qc7 14. f4 d6 15. f5
gxf5 16. exf5 f6 17. g4 Nd8 18. Bxa8 Rxa8 19. Ng3 Nec6 20. Nge4 Nd4 21. Be3
N8c6 22. Nd5 Qd8 23. Rb2 Rf7 24. g5 fxg5 25. f6 Bh6 26. Bxg5 Bf8 27. Qh5 Qd7
28. Rg2 Kh8 29. Ne7 Qe6 30. Nxd6 Nd8 31. Nxf7+ Nxf7 32. Bh4 Bh6 33. Kh1 Rf8 34.
Rfg1 Nd6 35. Qxh6 1-0

[Event "19. Blankenburger Schachturnier, A-Gr."]
[Site "Blankenburg"]
[Date "2014.10.05"]
[Round "7.8"]
[White "Dreke, Frank"]
[Black "Timar-Geng, Dr. Zoltan"]
[Result "1-0"]
[WhiteElo "2128"]
[BlackElo "1776"]
[PlyCount "95"]
[EventDate "2014.10.??"]

1. e4 e5 2. Nf3 Nc6 3. d4 exd4 4. Nxd4 Nf6 5. Nxc6 bxc6 6. e5 Qe7 7. Qe2 Nd5 8.
c4 Ba6 9. b3 g6 10. f4 Bg7 11. Qf2 Nb6 12. Be2 d6 13. O-O O-O 14. Bb2 dxe5 15.
f5 Qf6 16. Nd2 Bc8 17. g4 gxf5 18. gxf5 Qg5+ 19. Kh1 f6 20. Ne4 Qf4 21. Qg2 Qh4
22. Rad1 c5 23. Nxc5 Qg5 24. Qh3 Qh6 25. Bh5 Nd7 26. Bc1 Qxh5 27. Qxh5 Nxc5 28.
Ba3 Bb7+ 29. Rd5 Nd3 30. Kg1 Rfd8 31. Rxd8+ Rxd8 32. Bc1 Kh8 33. Rd1 e4 34. Bh6
Rg8 35. Kf1 Bxh6 36. Qxh6 Rg4 37. Qf8+ Rg8 38. Qxf6+ Rg7 39. c5 a5 40. a3 Kg8
41. b4 Rf7 42. Qd8+ Rf8 43. Qg5+ Kh8 44. b5 Bc8 45. Rxd3 exd3 46. f6 Rg8 47.
Qe5 Bh3+ 48. Ke1 1-0

[Event "19. Blankenburger Schachturnier, A-Gr."]
[Site "Blankenburg"]
[Date "2014.10.05"]
[Round "7.10"]
[White "Kasper, Mike"]
[Black "Kreyssig, Bruno"]
[Result "0-1"]
[WhiteElo "1894"]
[BlackElo "1895"]
[PlyCount "108"]
[EventDate "2014.10.??"]

1. e4 c5 2. Na3 g6 3. c3 Nc6 4. Bb5 d5 5. exd5 Qxd5 6. Nf3 Bg4 7. Be2 Bg7 8.
O-O Nf6 9. Nc2 O-O 10. d4 Rad8 11. Qe1 Qe4 12. Ne3 cxd4 13. Nxg4 Nxg4 14. Ng5
Qf5 15. h3 Nge5 16. g4 Qd7 17. f4 d3 18. fxe5 dxe2 19. Qxe2 Nxe5 20. Bf4 Qd3
21. Rae1 Rd5 22. Bxe5 Qxe2 23. Rxe2 Rxe5 24. Rxe5 Bxe5 25. Nxf7 Bf6 26. Nh6+
Kg7 27. g5 Bxg5 28. Ng4 Rd8 29. Ne5 Bf6 30. Nc4 Rd3 31. Kg2 b5 32. Na5 Bh4 33.
Rf4 Rd2+ 34. Kh1 Bg3 35. Rg4 Bd6 36. Rg2 Rd3 37. Nc6 Rxh3+ 38. Kg1 Rd3 39. Re2
Kf6 40. Kf1 a6 41. Nd4 e5 42. Rf2+ Kg5 43. Ne6+ Kg4 44. Rg2+ Rg3 45. Rd2 Be7
46. Rd7 Rf3+ 47. Ke2 Bh4 48. Rxh7 Rf2+ 49. Kd3 Rxb2 50. Nf8 g5 51. Nd7 Bg3 52.
Nf6+ Kf3 53. Ne4 Bf4 54. Rf7 g4 0-1

[Event "19. Blankenburger Schachturnier, A-Gr."]
[Site "Blankenburg"]
[Date "2014.10.05"]
[Round "7.11"]
[White "Vonhoff, Jörg"]
[Black "Walther, Joachim"]
[Result "0-1"]
[WhiteElo "1757"]
[BlackElo "1888"]
[PlyCount "80"]
[EventDate "2014.10.??"]

1. e4 c5 2. Nf3 d6 3. d4 cxd4 4. Nxd4 Nf6 5. Nc3 a6 6. Be2 e5 7. Nb3 Be7 8. Be3
Be6 9. Qd2 Nbd7 10. h3 b5 11. a3 Rc8 12. O-O O-O 13. Rfd1 Nc5 14. Nxc5 dxc5 15.
Qxd8 Rfxd8 16. f3 h6 17. Rxd8+ Rxd8 18. Rd1 Rc8 19. Nb1 c4 20. Bb6 Nd7 21. Ba5
Bc5+ 22. Kf1 f6 23. Nc3 Nb8 24. Nd5 Nc6 25. Be1 Nd4 26. c3 Nb3 27. Bf2 Kf7 28.
Bxc5 Nxc5 29. Kf2 Na4 30. Rd2 Bxd5 31. exd5 Rd8 32. Ke3 f5 33. f4 Kf6 34. g4 g6
35. h4 exf4+ 36. Kxf4 g5+ 37. hxg5+ hxg5+ 38. Ke3 Re8+ 39. Kf2 Nc5 40. gxf5
Ne4+ 0-1

[Event "19. Blankenburger Schachturnier, A-Gr."]
[Site "Blankenburg"]
[Date "2014.10.05"]
[Round "7.12"]
[White "Herdzik, Matthias"]
[Black "Post, Hugo"]
[Result "1-0"]
[WhiteElo "1843"]
[BlackElo "1652"]
[PlyCount "77"]
[EventDate "2014.10.??"]

1. e4 c5 2. Ne2 Nc6 3. c4 g6 4. d4 cxd4 5. Nxd4 Bg7 6. Be3 Nf6 7. Nc3 O-O 8.
Be2 b6 9. O-O Bb7 10. f3 Rc8 11. Rc1 Qc7 12. Ndb5 Qb8 13. Qd2 Rfd8 14. Rfd1 d6
15. b3 Ne5 16. Nd5 Re8 17. Bg5 Ned7 18. Qf4 Nh5 19. Nxe7+ Rxe7 20. Qxd6 Re5 21.
Qxb8 Rxb8 22. Rxd7 Rxg5 23. Nd6 Ba8 24. Rxa7 Bd4+ 25. Kf1 Nf4 26. g3 Nxe2 27.
Kxe2 Rh5 28. h4 Be5 29. Rd1 Bxg3 30. Nxf7 Bxh4 31. Rdd7 Bf6 32. Rdc7 Rh2+ 33.
Kd3 h5 34. Nh6+ Kf8 35. Rf7+ Ke8 36. Rxf6 Rd8+ 37. Kc3 Rg2 38. Re6+ Kf8 39.
Rf7# 1-0